|
|
|
|
| LEADER |
01526nam a2200349 a 4500 |
| 001 |
38783 |
| 003 |
BD-DhAAL |
| 005 |
20240104142820.0 |
| 008 |
220619t19831992nyua b 001 0 eng d |
| 010 |
|
|
|a 91023456
|
| 020 |
|
|
|a 0673521427
|
| 020 |
|
|
|a 9780673521422
|
| 020 |
|
|
|a 0673522075 (free edition)
|
| 040 |
|
|
|a DLC
|c DLC
|d DLC
|d BD-DhAAL
|
| 050 |
0 |
0 |
|a HB172
|b .B864 1991
|
| 082 |
0 |
0 |
|a 338.5
|2 20
|
| 100 |
1 |
|
|a Browning, Edgar K.
|9 49456
|
| 245 |
1 |
0 |
|a Microeconomic theory and applications /
|c Edgar K. Browning, Jacquelene M. Browning.
|
| 250 |
|
|
|a Fourth edition.
|
| 260 |
|
|
|a New York, NY ;
|a Canada :
|b HarperCollins;
|b Little, Brown,
|c c1992.
|
| 300 |
|
|
|a xxiv, 719 pages :
|b illustrations ;
|c 25 cm.
|
| 504 |
|
|
|a Includes bibliographical references and index.
|
| 541 |
|
|
|a Donated By Akbar Ali Khan
|e 38783, 40236
|
| 650 |
|
0 |
|a Microeconomics.
|9 49457
|
| 650 |
|
0 |
|a Microeconomics
|x Examinations, questions, etc.
|9 49458
|
| 650 |
|
0 |
|a Economics.
|9 49459
|
| 700 |
1 |
|
|a Browning, Jacquelene M.
|9 49460
|
| 852 |
|
|
|a Ayesha Abed Library
|c Akbar Ali Khan Collection
|
| 942 |
|
|
|2 ddc
|c BK
|
| 999 |
|
|
|c 44407
|d 44407
|
| 952 |
|
|
|0 0
|1 0
|2 ddc
|4 0
|6 338_500000000000000_BRO
|7 1
|9 71042
|a BRACUL
|b BRACUL
|c AAKC
|d 2022-06-19
|e Donated by Akbar Ali Khan
|l 0
|o 338.5 BRO
|p 3010038783
|r 2022-06-19
|t 1
|w 2022-06-19
|y BK
|
| 952 |
|
|
|0 0
|1 0
|2 ddc
|4 0
|6 338_500000000000000_BRO
|7 0
|9 74908
|a BRACUL
|b BRACUL
|c GEN
|d 2024-01-04
|e Complimentary copy from Professor Dr. Nasreen Khundker
|g 4798.72
|l 0
|o 338.5 BRO
|p 3010042036
|r 2024-01-04
|t 2
|w 2024-01-04
|y BK
|x ₹3,642
|